Sobre algunas posibles influencias de la arquitectura cristiana española de la Edad Media en la francesa / (Record no. 88434)

MARC details
000 -LEADER
campo de control de longitud fija 00741nam a2200205 i 4500
001 - NÚMERO DE CONTROL
campo de control 88434
003 - IDENTIFICADOR DE NÚMERO DE CONTROL
campo de control ES-MaACL
005 - FECHA Y HORA DE LA ÚLTIMA TRANSACCIÓN
campo de control 20251003063112.0
007 - CAMPO FIJO DE DESCRIPCIÓN FÍSICA--INFORMACIÓN GENERAL
campo de control de longitud fija t|
008 - DATOS DE LONGITUD FIJA--INFORMACIÓN GENERAL
campo de control de longitud fija 050104s1907 fr a |||| | spa d
100 1# - ENTRADA PRINCIPAL--NOMBRE DE PERSONA
Nombre de persona Lampérez y Romea, Vicente,
Fechas asociadas al nombre 1861-1923
9 (RLIN) 128639
245 10 - MENCIÓN DEL TÍTULO
Título Sobre algunas posibles influencias de la arquitectura cristiana española de la Edad Media en la francesa /
Mención de responsabilidad, etc. Vicente Lampérez y Romea.
260 ## - PUBLICACIÓN, DISTRIBUCIÓN, ETC.
Lugar de publicación, distribución, etc. New York ;
-- París :
Nombre del editor, distribuidor, etc. [s.n.],
Fecha de publicación, distribución, etc. 1907.
300 ## - DESCRIPCIÓN FÍSICA
Extensión 15 p. :
Otras características físicas il. ;
Dimensiones 25 cm.
595 ## -
-- Extrait de: Revue hispanique, t. XVI.
650 #7 - PUNTO DE ACCESO ADICIONAL DE MATERIA--TÉRMINO DE MATERIA
Término de materia o nombre geográfico como elemento de entrada Arquitectura medieval-
Subdivisión geográfica España
Fuente del encabezamiento o término
9 (RLIN) 169631
650 #7 - PUNTO DE ACCESO ADICIONAL DE MATERIA--TÉRMINO DE MATERIA
Término de materia o nombre geográfico como elemento de entrada Arquitectura francesa
Fuente del encabezamiento o término
9 (RLIN) 151547
852 ## - LOCALIZACIÓN
Ubicación ES-MaACL
Número de control de estantería T-1398-F-5
Holdings
Estatus retirado Estado de pérdida Estado de daño No para préstamo Colección Biblioteca de origen Biblioteca actual Ubicación en estantería Fecha de adquisición Fuente de adquisición Total de préstamos Signatura topográfica completa Código de barras Visto por última vez Precio de reemplazo Tipo de ítem Koha
        Colección de folletos Biblioteca del Ateneo de Madrid Biblioteca del Ateneo de Madrid Depósito folletos 17/01/2008     T-1398-F-5 1092378 23/02/2023 23/02/2023 Folleto